| 000 | 00615nam a22001937a 4500 | ||
|---|---|---|---|
| 005 | 20140425121635.0 | ||
| 010 | _aENG-109505 | ||
| 020 |
_c795.00 _a9788125051251 |
||
| 035 | _aEN-93038 | ||
| 037 | _bDBAD/PUB | ||
| 082 | _a370.954 | ||
| 245 | 0 | 0 |
_aNew perspectives in the history of Indian education / _cedited by Parimala V. Rao |
| 260 |
_aNew Delhi _bOrient Blakswan _c2014 |
||
| 270 |
_a1/24 Asaf Ali Road _bNew Delhi _e110002 |
||
| 300 |
_aviii,342p. _c23cm(Hb) |
||
| 500 | _aIncludes bibliographical references and index | ||
| 700 | _aRao, Parimala V. | ||
| 942 |
_2ddc _cEN _mNEW _h370.954 |
||
| 999 |
_c82837 _d82837 |
||